00787 2200205 4500001002100000005001500021035002000036007000300056008004100059082002600100084003200126100004800158245019100206260006600397300002900463650001400492650001700506856003400523990002400557INLIS00000000000856720260625022202 a0010-0626000136ta260625 0 ind  a63:001.89:005.57(063) a63:001.89:005.57(063) BAD p0 aBadan Penelitian Dan Pengembangan Pertanian1 aProsiding Rapat Kerja Badan Penelitian Dan Pengembangan Pertanian. Solo, 6-9 Nopember 2006 : Konsolidasi Manajemen Kerja Sama Penelitian Dan Pengembangan Mendukung Revitalisasi Pertanian aJakarta :bBadan Penelitian Dan Pengembangan Pertanian,c2006 a121p. :bIlus ;c24.7 cm 4aKerjasama 4aRevitalisasi aPerpustakaan BBRMP Jawa Timur a728/2026/BBRMPJATIM